000 01580cad a22002775a 4500
001 L149275
008 100215s2010 xxk f 000 0 eng d
035 _a(Sirsi) u149275
041 0 _aeng
050 0 4 _a333.33 $2 18
100 1 _aWoodford, Karine
245 0 0 _aGlobal occupancy costs
_boffices, cost savings to slowly reverse
250 _a13th ed.
260 _a[S.l.]
_bDTZ
_c2010
490 0 _aDTZ Research Global occupancy costs - offices
_v2010
520 _aSurveys total office occupancy costs across 116 business districts in 47 countries and territories across the globe, ranking each location by annual costs per workstation. Global average occupancy costs per workstation declined by 4% last year. London's West End entered 2010 as the most expensive office location in our world ranking, followed by Tokyo, Washington D.C., Hong Kong and Geneva. Overall, global average costs are projected to show moderate annual growth of 1.7% to 2013 with London's West End remaining the most expensive location, with Hong Kong, Tokyo, Washington D.C. and Paris (CBD) rounding out the projected top five in 2013.
590 _aKA NTK
651 4 _aInternational
690 _aPROPERTY-COMMERCIAL PROPERTY-OFFICE PROPERTY-OFFICES
690 _aPROPERTY-COMMERCIAL PROPERTY-COMMERCIAL PROPERTY MARKET
700 1 _aKate Medlicott
700 1 _aBen Burston
700 1 _aKasia Sielewicz
856 4 8 _uhttps://www.dtz.com/StaticFiles/Research/DTZ%20Global%20Occupancy%20Costs%20Offices%202010.pdf
_zView the report free of charge at www.dtz.com...
942 _n0
999 _c110452
_d110452